000 01136nam a2200253Ia 4500
003 Ost
005 20260507074901.0
008 260507s9999||||xx |||||||||||||| ||und||
020 _a9789957331221
040 _cfsecg
041 _aara
082 _a690.53
100 _aالجابري، باسمة فاضل عباس
_eمؤلف
245 0 _a السلامة في المخازن /
_c باسمة فاضل عباس الجابري
260 _aعمان:
_bمؤسسة الوراق للنشر والتوزيع,
_c2008
300 _a428 صفحة؛
_bإيضاحات ؛
_c25 سم
504 _aببليوغرافيا: ص.427
520 _a سياسة السلامة والصحة المهنية، مخازن المواد الكيماوية، المواد الغذائية، المواد النسيجية، طرق أخرى للمواد حسب طبيعتها، تداول وخزن المشتقات النفطية، الحرائق، معلومات عامة
653 _aإدارة الإنتاج
653 _aإدارة المخازن
653 _aإدارة المستودعات
653 _aالمخازن
942 _cكتاب
999 _c41651
_d41651